Sports Quiz

Random Sports or Baseball Quiz

Latin American Baseball Player Home Countries* Quiz Stats

 Plays Quiz not verified by Sporcle

Challenge
Share
Tweet
Embed
Score 0/35 Timer 10:00
0 Plays Today
% Correct
Dominican Republic
82.7%
Dominican Republic
78.8%
Dominican Republic
76.9%
Cuba
75%
Puerto Rico
73.1%
Venezuela
69.2%
Mexico
67.3%
Puerto Rico
67.3%
Cuba
65.4%
Dominican Republic
65.4%
Dominican Republic
65.4%
Puerto Rico
65.4%
Venezuela
61.5%
Venezuela
61.5%
Cuba
59.6%
Mexico
59.6%
Cuba
57.7%
Venezuela
57.7%
% Correct
Panama
57.7%
Mexico
57.7%
Dominican Republic
55.8%
Venezuela
55.8%
Panama
55.8%
Puerto Rico
55.8%
Puerto Rico
53.8%
Colombia
51.9%
Panama
51.9%
Colombia
48.1%
Nicaragua
48.1%
Cuba
48.1%
Panama
48.1%
Mexico
44.2%
Venezuela
36.5%
Nicaragua
32.7%
Puerto Rico
32.7%

You're not logged in!

Compare scores with friends on all Sporcle quizzes.
Join for Free
OR
Log In

You Might Also Like...

Show Comments

Extras

Top Quizzes Today


Score Distribution

Your Account Isn't Verified!

In order to create a playlist on Sporcle, you need to verify the email address you used during registration. Go to your Sporcle Settings to finish the process.

Report this User

Report this user for behavior that violates our Community Guidelines.

Details: